<?xml version="1.0" encoding="UTF-8"?>
<collection xmlns="http://www.loc.gov/MARC21/slim">
 <record>
  <leader>01312nam0a2200277   4500</leader>
  <controlfield tag="001">in00000004041</controlfield>
  <controlfield tag="005">20230404155353.7</controlfield>
  <datafield tag="010" ind1=" " ind2=" ">
   <subfield code="a">978-7-111-48597-1</subfield>
   <subfield code="d">CNY45.00</subfield>
  </datafield>
  <datafield tag="035" ind1=" " ind2=" ">
   <subfield code="a">007860606</subfield>
  </datafield>
  <datafield tag="100" ind1=" " ind2=" ">
   <subfield code="a">20150712d2015    em y0chiy50      ea</subfield>
  </datafield>
  <datafield tag="101" ind1="1" ind2=" ">
   <subfield code="a">chi</subfield>
   <subfield code="c">eng</subfield>
  </datafield>
  <datafield tag="102" ind1=" " ind2=" ">
   <subfield code="a">CN</subfield>
   <subfield code="b">110000</subfield>
  </datafield>
  <datafield tag="105" ind1=" " ind2=" ">
   <subfield code="a">y   z   000yy</subfield>
  </datafield>
  <datafield tag="106" ind1=" " ind2=" ">
   <subfield code="a">r</subfield>
  </datafield>
  <datafield tag="200" ind1="1" ind2=" ">
   <subfield code="a">穿越抑郁的正念之道</subfield>
   <subfield code="9">chuan yue yi yu de zheng nian zhi dao</subfield>
   <subfield code="d">The mindful way through depression</subfield>
   <subfield code="e">freeing yourself from chronic unhappiness</subfield>
   <subfield code="f">(英)马克·威廉姆斯(Mark Williams)[等]著</subfield>
   <subfield code="g">童慧琦，张娜译</subfield>
   <subfield code="z">eng</subfield>
  </datafield>
  <datafield tag="210" ind1=" " ind2=" ">
   <subfield code="a">北京</subfield>
   <subfield code="c">机械工业出版社</subfield>
   <subfield code="d">2015</subfield>
  </datafield>
  <datafield tag="215" ind1=" " ind2=" ">
   <subfield code="a">21,217页</subfield>
   <subfield code="d">25cm</subfield>
  </datafield>
  <datafield tag="304" ind1=" " ind2=" ">
   <subfield code="a">著者还有：(英)约翰·蒂斯代尔(Jonh Teasdale)、(加)辛德尔·西格尔(Zindel Segal)、(美)乔·卡巴金(Jon Kabat-Zinn)</subfield>
  </datafield>
  <datafield tag="330" ind1=" " ind2=" ">
   <subfield code="a">本书内容包括：心、身和情感；每时每刻；转化不快乐；重新活出你的生命。</subfield>
  </datafield>
  <datafield tag="510" ind1="1" ind2=" ">
   <subfield code="a">Mindful way through depression</subfield>
   <subfield code="e">freeing yourself from chronic unhappiness</subfield>
   <subfield code="z">eng</subfield>
  </datafield>
  <datafield tag="606" ind1="0" ind2=" ">
   <subfield code="a">情绪</subfield>
   <subfield code="x">自我控制</subfield>
  </datafield>
  <datafield tag="690" ind1=" " ind2=" ">
   <subfield code="a">B842.6</subfield>
   <subfield code="v">5</subfield>
  </datafield>
  <datafield tag="701" ind1=" " ind2="0">
   <subfield code="c">(英)</subfield>
   <subfield code="a">威廉姆斯</subfield>
   <subfield code="9">wei lian mu si</subfield>
   <subfield code="c">(Williams, Mark)</subfield>
   <subfield code="4">著</subfield>
  </datafield>
  <datafield tag="702" ind1=" " ind2="0">
   <subfield code="a">童慧琦</subfield>
   <subfield code="9">tong hui qi</subfield>
   <subfield code="c">(女)</subfield>
   <subfield code="4">译</subfield>
  </datafield>
  <datafield tag="702" ind1=" " ind2="0">
   <subfield code="a">张娜</subfield>
   <subfield code="9">zhang na</subfield>
   <subfield code="4">译</subfield>
  </datafield>
  <datafield tag="999" ind1="f" ind2="f">
   <subfield code="s">dbffd882-f2dc-4cab-be1f-8e9dcdd55a9c</subfield>
   <subfield code="i">c8701d17-adcb-4cb2-96bd-931f8a984b40</subfield>
  </datafield>
 </record>
</collection>
